[Event "ICS rated blitz match"]
[Site "204.178.125.65"]
[Date "2000.09.29"]
[Round "?"]
[White "Colorado"]
[Black "Hossa"]
[Result "1-0"]
[WhiteElo "2782"]
[BlackElo "2441"]
[PlyCount "129"]
[EventDate "2000.??.??"]

1. e4 e5 2. Nf3 Nc6 3. Bb5 a6 4. Ba4 Nf6 5. O-O Be7 6. Re1 b5 7. Bb3 d6 8. c3
O-O 9. h3 Na5 10. Bc2 c5 11. d4 Qc7 12. Nbd2 cxd4 13. cxd4 Bb7 14. Nf1 Rac8 15.
Re2 d5 16. dxe5 Nxe4 17. Ng3 f5 18. exf6 Bxf6 19. Nxe4 dxe4 20. Bxe4 Bxe4 21.
Rxe4 Qf7 22. Qd6 Nb7 23. Qd2 Nc5 24. Re3 Rc7 25. Qe2 Rd7 26. Qc2 Qd5 27. Bd2
Nd3 28. Bc3 Bxc3 29. Qxc3 b4 30. Qc2 Nf4 31. a3 bxa3 32. Raxa3 a5 33. Re5 Qd1+
34. Qxd1 Rxd1+ 35. Kh2 Nd3 36. Re7 Rf5 37. Rc3 Nxf2 38. Rc8+ Rf8 39. Rcc7 Kh8
40. Ng5 h6 41. Rxg7 Re8 42. Rh7+ Kg8 43. Rxh6 Rh1+ 44. Kg3 Ne4+ 45. Nxe4 Rxe4
46. Ra6 Kf8 47. Rxa5 Re7 48. Raa7 Rxc7 49. Rxc7 Ke8 50. h4 Rd1 51. h5 Kd8 52.
Rh7 Rd3+ 53. Kh4 Rd2 54. g4 Rxb2 55. h6 Rg2 56. Rg7 Re2 57. h7 Re8 58. Rg8 Kd7
59. Rxe8 Kc6 60. h8=Q Kb6 61. Qd4+ Kc6 62. Re6+ Kc7 63. Qa7+ Kd8 64. g5 Kc8 65.
Re8# {Hossa checkmated} 1-0

[Event "ICS rated blitz match"]
[Site "204.178.125.65"]
[Date "2000.09.29"]
[Round "?"]
[White "salzi"]
[Black "Hossa"]
[Result "0-1"]
[WhiteElo "2109"]
[BlackElo "2441"]
[PlyCount "40"]
[EventDate "2000.??.??"]

1. d4 Nf6 2. c4 c5 3. d5 d6 4. Nc3 g6 5. e4 Bg7 6. Nf3 O-O 7. Bd3 Na6 8. O-O e5
9. h3 Rb8 10. a4 Nb4 11. Be3 Nxd3 12. Qxd3 Ra8 13. Qd2 Nh5 14. Bh6 f5 15. Bxg7
Kxg7 16. Qg5 Nf6 17. Qe3 Nxe4 18. Nxe4 fxe4 19. Qxe4 Qf6 20. Nd2 Bxh3 {
salzi resigns} 0-1

[Event "ICS rated blitz match"]
[Site "204.178.125.65"]
[Date "2000.09.29"]
[Round "?"]
[White "Hossa"]
[Black "salzi"]
[Result "1-0"]
[WhiteElo "2445"]
[BlackElo "2105"]
[PlyCount "83"]
[EventDate "2000.??.??"]

1. e4 c5 2. Nf3 d6 3. Bc4 e6 4. O-O Nf6 5. d3 Be7 6. Bb3 O-O 7. Na3 Nc6 8. c3
b6 9. Qe2 Bb7 10. Bf4 a6 11. Nc4 b5 12. Na3 Qc7 13. Ng5 h6 14. Nf3 Ne5 15. Nd2
Rfd8 16. Bg3 Qb6 17. Rac1 Ng6 18. Rfd1 d5 19. Nab1 Rac8 20. e5 Nd7 21. Qh5 Nb8
22. Nf3 Nc6 23. Kh1 Qc7 24. d4 Qb6 25. Bc2 Nf8 26. Bf4 cxd4 27. cxd4 Nb4 28.
Bb3 a5 29. a4 Ba6 30. Nc3 bxa4 31. Nxa4 Qa7 32. Rxc8 Rxc8 33. Rc1 Rxc1+ 34.
Bxc1 Qc7 35. Be3 Bc4 36. Bd1 Nd3 37. b3 Ba6 38. Ng1 Nb4 39. Bd2 Nc6 40. Qg4 Bb4
41. Bxh6 Nxd4 42. Qxg7# {salzi checkmated} 1-0

[Event "ICS rated blitz match"]
[Site "204.178.125.65"]
[Date "2000.09.29"]
[Round "?"]
[White "Hossa"]
[Black "kako"]
[Result "1-0"]
[WhiteElo "2449"]
[BlackElo "2108"]
[PlyCount "51"]
[EventDate "2000.??.??"]

1. e4 e5 2. Nf3 Nc6 3. Bc4 Nf6 4. Ng5 d5 5. exd5 Nd4 6. c3 b5 7. Bf1 Nxd5 8.
cxd4 Qxg5 9. Bxb5+ Bd7 10. Bxd7+ Kxd7 11. O-O exd4 12. Qa4+ c6 13. Qxd4 Bd6 14.
d3 Qh5 15. f4 Rhe8 16. Nc3 Nxc3 17. bxc3 Kc7 18. Qc4 Re2 19. d4 g5 20. d5 c5
21. Qb5 Bxf4 22. Qc6+ Kd8 23. Qxa8+ Ke7 24. Bxf4 gxf4 25. Qxa7+ Kf8 26. Qxc5+ {
kako resigns} 1-0

[Event "ICS rated blitz match"]
[Site "204.178.125.65"]
[Date "2000.09.29"]
[Round "?"]
[White "kayhangurbuz"]
[Black "Hossa"]
[Result "0-1"]
[WhiteElo "2178"]
[BlackElo "2453"]
[PlyCount "44"]
[EventDate "2000.??.??"]

1. d4 d5 2. Nf3 Nf6 3. e3 e6 4. Bd3 c5 5. Nbd2 Nc6 6. c3 c4 7. Bc2 b5 8. Qe2 b4
9. e4 bxc3 10. bxc3 Qa5 11. Bb2 Rb8 12. Rb1 Rxb2 13. Rxb2 Qxc3 14. Ba4 Qc1+ 15.
Qd1 Qxb2 16. Bxc6+ Bd7 17. Bxd7+ Nxd7 18. exd5 c3 19. Nc4 Qxa2 20. dxe6 fxe6
21. Nce5 c2 22. Qd2 Bb4 {kayhangurbuz resigns} 0-1

[Event "ICS rated blitz match"]
[Site "204.178.125.65"]
[Date "2000.09.29"]
[Round "?"]
[White "Hossa"]
[Black "kayhangurbuz"]
[Result "1-0"]
[WhiteElo "2458"]
[BlackElo "2173"]
[PlyCount "86"]
[EventDate "2000.??.??"]

1. e4 c6 2. d4 d5 3. Nc3 dxe4 4. Nxe4 Nd7 5. Nf3 Ngf6 6. Bd3 Nxe4 7. Bxe4 Nf6
8. Bd3 Bg4 9. Be3 e6 10. h3 Bh5 11. O-O Bd6 12. c4 Qc7 13. Qe2 O-O 14. Bg5 Bf4
15. Bxf4 Qxf4 16. Qe5 Qxe5 17. Nxe5 Rfd8 18. g4 Bg6 19. Bxg6 hxg6 20. Rad1 a5
21. Rfe1 a4 22. Rd3 Nd7 23. Red1 Kf8 24. h4 Ke7 25. Kg2 Nb6 26. Re1 Nd7 27. Nf3
Nf6 28. Kg3 Ra5 29. Kf4 b5 30. Ne5 bxc4 31. Nxc6+ Kd6 32. Nxd8 cxd3 33. Nb7+
Kd5 34. Nxa5 Kxd4 35. Nc6+ Kc4 36. Rd1 Nd5+ 37. Kf3 f6 38. Rc1+ Kb5 39. Nd4+
Kb6 40. Nxe6 Nb4 41. Ke3 Nxa2 42. Rc7 Nb4 43. Rxg7 f5 {kayhangurbuz resigns}
1-0

[Event "ICS rated blitz match"]
[Site "204.178.125.65"]
[Date "2000.09.29"]
[Round "?"]
[White "kayhangurbuz"]
[Black "Hossa"]
[Result "0-1"]
[WhiteElo "2168"]
[BlackElo "2463"]
[PlyCount "50"]
[EventDate "2000.??.??"]

1. d4 d5 2. Nf3 Nf6 3. e3 e6 4. Bd3 c5 5. c3 Be7 6. Nbd2 Nc6 7. O-O O-O 8. Qe2
Bd6 9. dxc5 Bxc5 10. e4 Bb6 11. e5 Nd7 12. Re1 Bc7 13. Bxh7+ Kxh7 14. h4 Ncxe5
15. Nxe5 Nxe5 16. Qh5+ Kg8 17. Rxe5 Bxe5 18. Qxe5 Qxh4 19. Nf3 Qh8 20. Be3 f6
21. Qd6 Re8 22. g3 Qh3 23. Re1 g5 24. Nd4 Kf7 25. Nb5 Rh8 {kayhangurbuz resigns
} 0-1

[Event "ICS rated blitz match"]
[Site "204.178.125.65"]
[Date "2000.09.29"]
[Round "?"]
[White "joejan"]
[Black "Hossa"]
[Result "0-1"]
[WhiteElo "2240"]
[BlackElo "2468"]
[PlyCount "61"]
[EventDate "2000.??.??"]

1. e4 e5 2. Nf3 Nc6 3. Bb5 a6 4. Bxc6 dxc6 5. Nc3 f6 6. h3 Bc5 7. d3 Ne7 8. Be3
Bxe3 9. fxe3 Be6 10. O-O Qd7 11. Qe2 c5 12. Rad1 O-O-O 13. d4 cxd4 14. exd4
exd4 15. Nxd4 Nc6 16. Nxe6 Qxe6 17. Nd5 Rhe8 18. Rfe1 f5 19. Nc3 Rxd1 20. Qxd1
Kb8 21. Qf3 Qg6 22. Qf4 Nb4 23. Re2 fxe4 24. a3 Qb6+ 25. Kh2 Nc6 26. b4 Ne5 27.
Rxe4 Qd6 28. Na4 Ng4+ 29. Kg3 Rxe4 30. Qxd6 cxd6 31. hxg4 {joejan resigns} 0-1

[Event "ICS rated blitz match"]
[Site "204.178.125.65"]
[Date "2000.09.30"]
[Round "?"]
[White "Hossa"]
[Black "Colorado"]
[Result "0-1"]
[WhiteElo "2475"]
[BlackElo "2736"]
[PlyCount "75"]
[EventDate "2000.??.??"]

1. e4 d5 2. exd5 Qxd5 3. Nc3 Qa5 4. d4 Nf6 5. Bd2 Qb6 6. Nge2 e6 7. Na4 Qc6 8.
Nac3 Be7 9. Nf4 O-O 10. Bb5 Qb6 11. Be3 a6 12. d5 Qa5 13. Bc4 Ba3 14. Qb1 exd5
15. Nfxd5 Nxd5 16. Bxd5 Bb4 17. Qd1 Bxc3+ 18. bxc3 Qxc3+ 19. Kf1 Nc6 20. Rb1
Rd8 21. Qf3 Be6 22. Bxe6 fxe6 23. Qe2 b6 24. Kg1 Rd6 25. Rc1 Qb2 26. a4 Nd4 27.
Qc4 Nxc2 28. Qe2 Rc6 29. Rd1 Qa3 30. Bd4 Nxd4 31. Rxd4 Rc1+ 32. Rd1 Rd8 33.
Qxe6+ Kh8 34. Re1 Qc3 35. Kf1 Qd3+ 36. Kg1 Qb1 37. h3 Rxe1+ 38. Kh2 {
Hossa resigns} 0-1

[Event "ICS Rated blitz match"]
[Site "204.178.125.65"]
[Date "2000.09.30"]
[Round "?"]
[White "harimau"]
[Black "Hossa"]
[Result "1-0"]
[WhiteElo "2768"]
[BlackElo "2469"]
[PlyCount "59"]
[EventDate "2000.??.??"]

1. d4 d5 2. c4 c6 3. Nf3 Nf6 4. Nc3 e6 5. e3 Nbd7 6. Bd3 dxc4 7. Bxc4 b5 8. Bd3
Bb7 9. a3 b4 10. Ne4 a5 11. O-O Be7 12. Nxf6+ Nxf6 13. e4 O-O 14. e5 Nd5 15.
Qc2 h6 16. Qe2 bxa3 17. bxa3 Qd7 18. Qe4 f5 19. exf6 Nxf6 20. Qg6 Qe8 21. Qg3
c5 22. Ne5 h5 23. Rb1 Rb8 24. Ng6 cxd4 25. Bf4 h4 26. Qxh4 Nd5 27. Qh8+ Kf7 28.
Ne5+ Kf6 29. Qh4+ g5 30. Qxg5# {Hossa checkmated} 1-0

[Event "ICS unrated blitz match"]
[Site "204.178.125.65"]
[Date "2000.09.30"]
[Round "?"]
[White "pulsar"]
[Black "Hossa"]
[Result "0-1"]
[WhiteElo "2262"]
[BlackElo "2464"]
[PlyCount "132"]
[EventDate "2000.??.??"]

1. e4 c5 2. Nf3 d6 3. d4 cxd4 4. Nxd4 e5 5. Nf3 Nf6 6. Nc3 Nc6 7. Bb5 a6 8.
Bxc6+ bxc6 9. O-O Be7 10. Bg5 O-O 11. Qd3 a5 12. Bxf6 Bxf6 13. Rfd1 Be7 14. Qc4
Qe8 15. Re1 Be6 16. Qa4 Qd7 17. Rad1 Qb7 18. Rb1 Rab8 19. Rf1 Qc7 20. Rfd1 Rb4
21. Qa3 Rc4 22. Ne2 Rxe4 23. Qd3 Rb4 24. Qa3 Rfb8 25. Re1 Rc4 26. Rbc1 d5 27.
Qe3 Re4 28. Qd2 Rxb2 29. Rb1 Bb4 30. Qd3 Rxa2 31. Rec1 Bf5 32. Qa6 Bc8 33. Qd3
Ra3 34. Rb3 Rxb3 35. cxb3 Bf5 36. Ng5 Ba3 37. Re1 Rf4 38. Qa6 Rg4 39. Qa8+ Bc8
40. Nf3 Re4 41. Nd2 Rb4 42. Nc3 Bb2 43. Rxe5 Kf8 44. Nxd5 cxd5 45. Rxd5 Rd4 46.
Rxd4 Bxd4 47. Nc4 Qc5 48. Qxa5 Bxf2+ 49. Kf1 Qxa5 50. Nxa5 Bc5 51. Nc4 Bf5 52.
Ke2 Bc2 53. Na5 Be4 54. g3 Bb4 55. Ke3 Bc2 56. Nc6 Bc5+ 57. Kd2 Bxb3 58. Kc3
Bd5 59. Nb4 Be6 60. Nc6 Bg1 61. h4 Bf2 62. Nd4 Bxg3 63. Nxe6+ fxe6 64. h5 Ke7
65. Kd3 Kf6 66. h6 Bf4 {pulsar resigns} 0-1

[Event "ICS Rated standard match"]
[Site "204.178.125.65"]
[Date "2000.09.30"]
[Round "?"]
[White "PostModernist"]
[Black "Hossa"]
[Result "1-0"]
[WhiteElo "2468"]
[BlackElo "2442"]
[PlyCount "131"]
[EventDate "2000.??.??"]

1. d4 Nf6 2. c4 c5 3. d5 d6 4. Nc3 g6 5. Nf3 Bg7 6. e4 Na6 7. h3 O-O 8. Bd3 Nb4
9. Be2 e5 10. O-O Nh5 11. Bg5 f6 12. Be3 f5 13. exf5 Bxf5 14. g4 Bc2 15. Qd2
Nf4 16. Bxf4 Rxf4 17. a3 Bh6 18. Kh1 Bb3 19. axb4 cxb4 20. Nb5 a6 21. Qxb4 Bxc4
22. Bxc4 axb5 23. Rxa8 Qxa8 24. Qxd6 Rxf3 25. Kg2 Rf8 26. Bxb5 Qa2 27. Qxe5 Qb3
28. Be2 Bg7 29. Qe4 Qxb2 30. d6 b6 31. d7 Kh8 32. Bf3 Qc3 33. Re1 Bf6 34. Qf4
g5 35. Qf5 Kg7 36. Re8 Qc5 37. Qxf6+ Kxf6 38. d8=Q+ Kg7 39. Re7+ Rf7 40. Rxf7+
Kxf7 41. Bd5+ Qxd5+ 42. Qxd5+ Kg7 43. Qxg5+ Kf7 44. Kg3 b5 45. Qxb5 Ke6 46.
Qf5+ Kd6 47. g5 Kc6 48. g6 hxg6 49. Qxg6+ Kd5 50. Qc6+ Kxc6 51. Kf4 Kd6 52. h4
Ke6 53. Kg5 Kf7 54. f4 Kg8 55. f5 Kh7 56. f6 Kg8 57. h5 Kh7 58. h6 Kg8 59. Kf5
Kf7 60. h7 Ke8 61. h8=Q+ Kd7 62. f7 Kc7 63. f8=Q Kb6 64. Qfh6+ Kc5 65. Qc3+ Kd5
66. Qhd2# {Hossa checkmated} 1-0

[Event "ICS rated blitz match"]
[Site "204.178.125.65"]
[Date "2000.09.30"]
[Round "?"]
[White "Hossa"]
[Black "kako"]
[Result "1-0"]
[WhiteElo "2464"]
[BlackElo "2101"]
[PlyCount "69"]
[EventDate "2000.??.??"]

1. e4 e5 2. Nf3 Nc6 3. Bb5 a6 4. Ba4 Nf6 5. Qe2 Be7 6. O-O b5 7. Bb3 O-O 8. d3
d6 9. c3 Bg4 10. Be3 Na5 11. Bc2 c5 12. Nbd2 Qc7 13. h3 Bd7 14. Rfc1 Rfe8 15.
d4 Nc6 16. d5 Nd8 17. Nf1 g6 18. Ng3 Bf8 19. Qd2 Bg7 20. Bh6 Rf8 21. Nh4 Ne8
22. Nf1 f6 23. Be3 Nf7 24. Ng3 Qc8 25. Nf3 h5 26. Nh4 Kh7 27. Qe2 Nh6 28. Nxh5
gxh5 29. Qxh5 f5 30. Bxh6 f4 31. Bxg7+ Kxg7 32. Qg6+ Kh8 33. Qh6+ Kg8 34. Ng6
Rf6 35. Ne7+ {kako resigns} 1-0

[Event "ICS rated blitz match"]
[Site "204.178.125.65"]
[Date "2000.09.30"]
[Round "?"]
[White "brit"]
[Black "Hossa"]
[Result "0-1"]
[WhiteElo "2064"]
[BlackElo "2468"]
[PlyCount "54"]
[EventDate "2000.??.??"]

1. e4 c5 2. Nf3 d6 3. d4 cxd4 4. Nxd4 e5 5. Bb5+ Nd7 6. Nf5 a6 7. Bc4 Nb6 8.
Bb3 Nf6 9. Ng3 a5 10. a3 d5 11. O-O Bg4 12. f3 Be6 13. Nc3 a4 14. Ba2 Bc5+ 15.
Kh1 d4 16. Bxe6 fxe6 17. Nce2 O-O 18. Bg5 Nc4 19. Qd3 Nxb2 20. Qb5 Qb6 21. Qxb6
Bxb6 22. Rab1 Nc4 23. Rb4 Rac8 24. Bxf6 gxf6 25. Rxa4 Ba5 26. h4 b5 27. Rxa5
Nxa5 {brit resigns} 0-1

[Event "ICS rated blitz match"]
[Site "204.178.125.65"]
[Date "2000.09.30"]
[Round "?"]
[White "Hossa"]
[Black "brit"]
[Result "1-0"]
[WhiteElo "2471"]
[BlackElo "2061"]
[PlyCount "48"]
[EventDate "2000.??.??"]

1. d4 Nf6 2. c4 Nc6 3. Nf3 e6 4. Nc3 Bb4 5. Qc2 O-O 6. a3 Bxc3+ 7. bxc3 d6 8.
e4 e5 9. Bd3 b6 10. h3 Qe7 11. O-O Na5 12. Bg5 h6 13. Be3 Ba6 14. Nd2 c5 15.
Rfd1 Rac8 16. d5 Nh5 17. Re1 Rc7 18. Qd1 Nf6 19. Qf3 Nh7 20. Qg3 Kh8 21. f4 f6
22. Rf1 Bc8 23. Nf3 Nb7 24. Nh4 exf4 {brit resigns} 1-0

[Event "ICS rated blitz match"]
[Site "204.178.125.65"]
[Date "2000.09.30"]
[Round "?"]
[White "brit"]
[Black "Hossa"]
[Result "0-1"]
[WhiteElo "2052"]
[BlackElo "2480"]
[PlyCount "67"]
[EventDate "2000.??.??"]

1. e4 e5 2. Nf3 Nc6 3. Bb5 a6 4. Ba4 Nf6 5. O-O Be7 6. Re1 b5 7. Bb3 d6 8. c3
O-O 9. h3 Bb7 10. d4 Re8 11. Ng5 Rf8 12. Nf3 Re8 13. Ng5 Rf8 14. Nf3 a5 15.
Nbd2 a4 16. Bc2 exd4 17. cxd4 d5 18. e5 Nd7 19. Nf1 Nb4 20. Bb1 Ra5 21. a3 Nc6
22. Qd3 g6 23. Bh6 Re8 24. Ng3 Nb6 25. Nh5 b4 26. Nf6+ Bxf6 27. exf6 Rxe1+ 28.
Nxe1 bxa3 29. bxa3 Qxf6 30. Ba2 g5 31. Nf3 Qxh6 32. Re1 Ra8 33. Qf5 Qg6 34.
Qxg6+ {brit resigns} 0-1

[Event "ICS rated blitz match"]
[Site "204.178.125.65"]
[Date "2000.09.30"]
[Round "?"]
[White "Hossa"]
[Black "brit"]
[Result "1-0"]
[WhiteElo "2483"]
[BlackElo "2049"]
[PlyCount "69"]
[EventDate "2000.??.??"]

1. e4 e5 2. Nf3 Nc6 3. Bb5 f5 4. d3 Nf6 5. exf5 d6 6. d4 e4 7. Ng5 d5 8. Ne6
Bxe6 9. fxe6 Qd6 10. c3 Qxe6 11. O-O Bd6 12. f3 O-O 13. Qe2 Rae8 14. Bg5 exf3
15. Qxe6+ Rxe6 16. gxf3 Nh5 17. Kh1 Nf4 18. Nd2 Rfe8 19. Nb3 h6 20. Bxf4 Bxf4
21. Nc5 Re3 22. Nxb7 R8e6 23. Nc5 Rf6 24. Bxc6 Rxc6 25. Rae1 Rb6 26. Rxe3 Bxe3
27. Nd3 g5 28. Re1 Bf4 29. Nxf4 gxf4 30. Re2 Kf7 31. Kg2 a5 32. Kh3 a4 33. Kg4
Rf6 34. Re5 c6 35. Rf5 {brit resigns} 1-0

[Event "ICS rated blitz match"]
[Site "204.178.125.65"]
[Date "2000.09.30"]
[Round "?"]
[White "Hossa"]
[Black "brit"]
[Result "1-0"]
[WhiteElo "2487"]
[BlackElo "2045"]
[PlyCount "45"]
[EventDate "2000.??.??"]

1. e4 e5 2. Nf3 Nc6 3. Bc4 Nf6 4. Ng5 Bc5 5. Nxf7 Bxf2+ 6. Kf1 Qe7 7. Nxh8 d5
8. exd5 Nd4 9. d6 cxd6 10. Kxf2 Bg4 11. Qf1 O-O-O 12. Nf7 Rf8 13. h3 Ne4+ 14.
Kg1 Ng3 15. Qd3 Nxh1 16. hxg4 Qh4 17. Nxd6+ Kb8 18. Qe3 Nxc2 19. Qb3 Qf2+ 20.
Kxh1 Qh4+ 21. Kg1 Qf2+ 22. Kh2 Qh4+ 23. Qh3 {brit resigns} 1-0

[Event "ICS rated blitz match"]
[Site "204.178.125.65"]
[Date "2000.09.30"]
[Round "?"]
[White "brit"]
[Black "Hossa"]
[Result "0-1"]
[WhiteElo "2043"]
[BlackElo "2489"]
[PlyCount "55"]
[EventDate "2000.??.??"]

1. e4 c5 2. Nf3 d6 3. d4 cxd4 4. Nxd4 e5 5. Bb5+ Nd7 6. Nf5 a6 7. Bxd7+ Qxd7 8.
Ne3 Nf6 9. Nc3 Be7 10. O-O O-O 11. Nf5 Qc7 12. Nxe7+ Qxe7 13. Bg5 Qe6 14. Bxf6
Qxf6 15. Nd5 Qg5 16. Qd3 Be6 17. Rad1 Rac8 18. c4 f5 19. exf5 Rxf5 20. f3 Rf7
21. b3 Rcf8 22. Rfe1 Rxf3 23. Ne3 Bf7 24. Kh1 Bh5 25. Qd5+ Kh8 26. Qxd6 Qxe3
27. Qxf8+ Rxf8 28. Rxe3 {brit resigns} 0-1

[Event "ICS rated blitz match"]
[Site "204.178.125.65"]
[Date "2000.09.30"]
[Round "?"]
[White "Hossa"]
[Black "brit"]
[Result "1-0"]
[WhiteElo "2491"]
[BlackElo "2041"]
[PlyCount "37"]
[EventDate "2000.??.??"]

1. e4 e5 2. Nf3 Nc6 3. Bb5 f5 4. d3 fxe4 5. dxe4 Nf6 6. Bxc6 bxc6 7. Be3 d6 8.
Qd3 Be7 9. O-O Be6 10. Ng5 Bg8 11. Qa6 Kd7 12. f4 exf4 13. Rxf4 h6 14. Nf3 g5
15. Nd4 gxf4 16. Qxc6+ Kc8 17. Qxa8+ Kd7 18. Qc6+ Kc8 19. Bxf4 {brit resigns}
1-0

[Event "ICS rated blitz match"]
[Site "204.178.125.65"]
[Date "2000.09.30"]
[Round "?"]
[White "brit"]
[Black "Hossa"]
[Result "0-1"]
[WhiteElo "2039"]
[BlackElo "2493"]
[PlyCount "86"]
[EventDate "2000.??.??"]

1. e4 e5 2. Nf3 Nc6 3. Bb5 a6 4. Ba4 Nf6 5. O-O Be7 6. Re1 b5 7. Bb3 d6 8. c3
O-O 9. h3 Bb7 10. d4 Re8 11. Ng5 Rf8 12. Nf3 Re8 13. Ng5 Rf8 14. Nf3 a5 15.
Nbd2 a4 16. Bc2 exd4 17. cxd4 d5 18. e5 Nd7 19. Nf1 Nb4 20. Bb1 Ra5 21. a3 Nc6
22. Qd3 g6 23. Bh6 Re8 24. Ng3 Nb6 25. Nf5 Bf8 26. Bxf8 Kxf8 27. Nh6 Qe7 28.
Bc2 b4 29. Rad1 Ba6 30. Qe3 Nc4 31. Qf4 b3 32. Bb1 Nxb2 33. Ng5 Nxd1 34. Rxd1
Kg7 35. Ngxf7 Rf8 36. Ng4 Qxf7 37. Qh6+ Kh8 38. Nf6 Qg7 39. Qd2 Rxf6 40. exf6
Qxf6 41. Rc1 Nxd4 42. Rxc7 Ne2+ 43. Kh1 Qxf2 {brit resigns} 0-1

[Event "ICS rated blitz match"]
[Site "204.178.125.65"]
[Date "2000.09.30"]
[Round "?"]
[White "brit"]
[Black "Hossa"]
[Result "0-1"]
[WhiteElo "2035"]
[BlackElo "2497"]
[PlyCount "54"]
[EventDate "2000.??.??"]

1. e4 c5 2. Nf3 e6 3. d4 cxd4 4. Nxd4 Nc6 5. Nc3 Qc7 6. g3 d6 7. Bg2 Nxd4 8.
Qxd4 Bd7 9. O-O Nf6 10. Re1 Be7 11. h3 O-O 12. g4 Bc6 13. g5 Nd7 14. Be3 Nb6
15. Rad1 Bd7 16. Bc1 Rfd8 17. h4 e5 18. Qd3 Bg4 19. Bf3 Be6 20. h5 Bc4 21. Qe3
Rf8 22. b3 Ba6 23. Ba3 Rac8 24. Nd5 Nxd5 25. Rxd5 Qxc2 26. Bxd6 Bxd6 27. Rxd6
Rc3 {brit resigns} 0-1

[Event "ICS rated blitz match"]
[Site "204.178.125.65"]
[Date "2000.09.30"]
[Round "?"]
[White "brit"]
[Black "Hossa"]
[Result "0-1"]
[WhiteElo "2031"]
[BlackElo "2501"]
[PlyCount "60"]
[EventDate "2000.??.??"]

1. e4 e5 2. Nf3 Nc6 3. Bb5 a6 4. Ba4 Nf6 5. O-O Be7 6. Re1 b5 7. Bb3 d6 8. c3
O-O 9. h3 Bb7 10. d4 Re8 11. Ng5 Rf8 12. Nf3 Re8 13. Ng5 Rf8 14. Nf3 a5 15.
Nbd2 a4 16. Bc2 exd4 17. cxd4 d5 18. e5 Nd7 19. Nf1 Nb4 20. Bb1 g6 21. Bh6 Re8
22. N3h2 c5 23. f4 cxd4 24. f5 Bc5 25. Kh1 Rxe5 26. Ng4 Rxe1 27. Qxe1 a3 28.
bxa3 Rxa3 29. Ne5 Qe7 30. f6 Qxe5 {brit resigns} 0-1

[Event "ICS rated blitz match"]
[Site "204.178.125.65"]
[Date "2000.09.30"]
[Round "?"]
[White "Hossa"]
[Black "brit"]
[Result "1-0"]
[WhiteElo "2503"]
[BlackElo "2029"]
[PlyCount "57"]
[EventDate "2000.??.??"]

1. e4 e5 2. Nf3 Nc6 3. Bc4 Bc5 4. c3 Nf6 5. d4 exd4 6. O-O dxc3 7. Nxc3 d6 8.
Bg5 h6 9. Bh4 Be6 10. Bb5 O-O 11. Bxc6 bxc6 12. e5 dxe5 13. Nxe5 Qxd1 14. Rfxd1
Rab8 15. Na4 Bd6 16. Nxc6 Rb5 17. Bxf6 gxf6 18. b3 Kh7 19. Nxa7 Rg5 20. Nc3
Rfg8 21. g3 Bc5 22. Nc6 Rxg3+ 23. hxg3 Rxg3+ 24. Kf1 Rxc3 25. Rac1 Bh3+ 26. Ke1
Rxc1 27. Rxc1 Bb6 28. a4 Bd7 29. a5 {brit resigns} 1-0

[Event "ICS rated blitz match"]
[Site "204.178.125.65"]
[Date "2000.09.30"]
[Round "?"]
[White "brit"]
[Black "Hossa"]
[Result "0-1"]
[WhiteElo "2027"]
[BlackElo "2505"]
[PlyCount "42"]
[EventDate "2000.??.??"]

1. e4 c5 2. Nf3 d6 3. d4 cxd4 4. Nxd4 e5 5. Bb5+ Nd7 6. Nf5 a6 7. Bxd7+ Qxd7 8.
O-O d5 9. Ne3 dxe4 10. Qh5 Qe6 11. Nc3 Nf6 12. Qh4 Qc6 13. Rd1 Bd6 14. Qg5 O-O
15. Nf5 Bxf5 16. Qxf5 Bb4 17. Bg5 Bxc3 18. bxc3 Nd5 19. Qxe4 Nxc3 20. Qxc6 bxc6
21. Rd6 Ne4 {brit resigns} 0-1

[Event "ICS rated blitz match"]
[Site "204.178.125.65"]
[Date "2000.09.30"]
[Round "?"]
[White "Hossa"]
[Black "brit"]
[Result "1-0"]
[WhiteElo "2507"]
[BlackElo "2025"]
[PlyCount "35"]
[EventDate "2000.??.??"]

1. e4 e5 2. Nc3 Nc6 3. Nf3 Nf6 4. d4 exd4 5. Nxd4 Bb4 6. Nxc6 bxc6 7. Bg5 h6 8.
Bh4 g5 9. Bg3 Nxe4 10. Qd4 O-O 11. Qxb4 Nxc3 12. Qxc3 Re8+ 13. Kd2 d5 14. Qxc6
Bf5 15. Bd3 Bxd3 16. Kxd3 Qc8 17. Rhe1 Qf5+ 18. Kd2 {brit resigns} 1-0

[Event "ICS rated blitz match"]
[Site "204.178.125.65"]
[Date "2000.09.30"]
[Round "?"]
[White "brit"]
[Black "Hossa"]
[Result "0-1"]
[WhiteElo "2023"]
[BlackElo "2509"]
[PlyCount "82"]
[EventDate "2000.??.??"]

1. e4 e5 2. Nf3 Nc6 3. Bb5 a6 4. Ba4 Nf6 5. O-O Be7 6. Re1 b5 7. Bb3 d6 8. c3
O-O 9. h3 Bb7 10. d4 Re8 11. Ng5 Rf8 12. Nf3 Re8 13. Ng5 Rf8 14. Nf3 a5 15.
Nbd2 a4 16. Bc2 exd4 17. cxd4 d5 18. e5 Nd7 19. Nf1 Nb4 20. Bb1 Ra5 21. Ng3 c5
22. a3 Nc6 23. Bd2 Ra8 24. Nf5 Re8 25. Qc2 g6 26. Nh6+ Kf8 27. Nxf7 Kxf7 28.
e6+ Kg8 29. exd7 Qxd7 30. dxc5 Rf8 31. Ba2 Rxf3 32. gxf3 Nd4 33. Qd3 Bxc5 34.
Bc3 Ne6 35. Re5 Nf4 36. Qf1 Nxh3+ 37. Kh1 Nxf2+ 38. Kh2 Rf8 39. Qg2 Nd3 40. Rg5
Qc7+ 41. Qg3 Bd6 {brit resigns} 0-1

[Event "ICS rated blitz match"]
[Site "204.178.125.65"]
[Date "2000.09.30"]
[Round "?"]
[White "Hossa"]
[Black "brit"]
[Result "1/2-1/2"]
[WhiteElo "2511"]
[BlackElo "2021"]
[PlyCount "114"]
[EventDate "2000.??.??"]

1. e4 e5 2. Nf3 Nc6 3. Nc3 g6 4. d4 exd4 5. Nxd4 Bg7 6. Be3 Nge7 7. Bc4 O-O 8.
O-O d6 9. f4 Kh8 10. Qd2 f5 11. Nxc6 Nxc6 12. exf5 Bxf5 13. Rfe1 Qd7 14. Bd5
Rae8 15. Bf2 h5 16. Bxc6 bxc6 17. Bxa7 c5 18. Rxe8 Rxe8 19. Rd1 Bd4+ 20. Kh1
Ra8 21. Ne2 Bf6 22. Bxc5 dxc5 23. Qxd7 Bxd7 24. Rxd7 Rxa2 25. g4 hxg4 26. Rxc7
Bd4 27. Nxd4 cxd4 28. b3 Rb2 29. Rc6 Kg7 30. Kg1 d3 31. cxd3 Rxb3 32. Rd6 Rb2
33. d4 Rd2 34. d5 Kf7 35. Kh1 Rd4 36. Kg2 Rxf4 37. Rd7+ Kf6 38. Kg3 Rd4 39. Rd8
Ke7 40. Ra8 Rxd5 41. Kxg4 Kf6 42. Ra6+ Kg7 43. Re6 Rd4+ 44. Kg3 Rd3+ 45. Kh4
Rd4+ 46. Kg5 Rd5+ 47. Kf4 Rd4+ 48. Kf3 Rd3+ 49. Kg2 Rd2+ 50. Kh3 Rd3+ 51. Kg2
Rd2+ 52. Kh3 Rd3+ 53. Kg2 Rd2+ 54. Kg1 Rd1+ 55. Kg2 Rd2+ 56. Kg1 Rd1+ 57. Kg2
Rd2+ {Game drawn by repetition} 1/2-1/2

[Event "ICS rated blitz match"]
[Site "204.178.125.65"]
[Date "2000.09.30"]
[Round "?"]
[White "Hossa"]
[Black "brit"]
[Result "1-0"]
[WhiteElo "2499"]
[BlackElo "2033"]
[PlyCount "31"]
[EventDate "2000.??.??"]

1. e4 e5 2. Nf3 Nc6 3. Bc4 Nf6 4. Ng5 Bc5 5. Nxf7 Bxf2+ 6. Kf1 Qe7 7. Nxh8 d5
8. exd5 Nd4 9. d6 cxd6 10. Kxf2 Bg4 11. Qf1 Ne4+ 12. Kg1 O-O-O 13. Nf7 Rf8 14.
Nc3 Ng5 15. Nd5 Qe8 16. Nxd6+ {brit resigns} 1-0

[Event "ICS rated blitz match"]
[Site "204.178.125.65"]
[Date "2000.09.30"]
[Round "?"]
[White "brit"]
[Black "Hossa"]
[Result "1-0"]
[WhiteElo "2031"]
[BlackElo "2501"]
[PlyCount "101"]
[EventDate "2000.??.??"]

1. e4 e5 2. Nf3 Nc6 3. Bb5 a6 4. Ba4 Nf6 5. O-O Be7 6. Re1 b5 7. Bb3 d6 8. c3
O-O 9. h3 Bb7 10. d4 Re8 11. Ng5 Rf8 12. Nf3 Re8 13. Ng5 Rf8 14. Nf3 a5 15.
Nbd2 a4 16. Bc2 exd4 17. cxd4 d5 18. e5 Nd7 19. Nf1 Nb4 20. Bb1 Ra5 21. a3 Nc6
22. Qd3 g6 23. Bh6 Re8 24. Ng3 b4 25. Bc2 b3 26. Bd1 Qc8 27. Nh2 Ba6 28. Qe3
Bf8 29. Bg4 Bxh6 30. Qxh6 Nxd4 31. Bxd7 Qxd7 32. Ng4 Re6 33. Nf6+ Rxf6 34. exf6
Ne6 35. Re5 Bd3 36. Rae1 Rc5 37. Rxe6 fxe6 38. Rxe6 Rc1+ 39. Kh2 Re1 40. Rxe1
Be4 41. Nxe4 Kf7 42. Qxh7+ Ke6 43. Nc5+ Kd6 44. Qxd7+ Kxc5 45. Rd1 Kb6 46. Rc1
c5 47. Qxd5 c4 48. Rxc4 g5 49. Rc6+ Kb7 50. Qd7+ Kb8 51. Rc8# {Hossa checkmated
} 1-0